| 000 | 00615cam a22002411 4500 | ||
|---|---|---|---|
| 001 | sa 63003789 | ||
| 003 | DLC | ||
| 005 | 20260227111944.0 | ||
| 008 | 940930s1962 ii a 000 0 beno | ||
| 010 | _asa 63003789 | ||
| 025 | _aPL480:I-B-252 | ||
| 035 | _a(OCoLC)31205772 | ||
| 040 |
_aDLC _cCU _dCU _dDLC |
||
| 042 | _apremarc | ||
| 050 | 0 | 0 |
_aDS486.N28 _bG5 |
| 100 | 1 |
_aGhosha, Gaurakiśora, _d1923-2000. |
|
| 245 | 1 | 0 | _aNandakānta Nandāghuṇṭi. |
| 260 | _c[1962] | ||
| 300 |
_a163 p. _billus. _c22 cm. |
||
| 546 | _aIn Bengali. | ||
| 650 | 0 | _aMountaineering. | |
| 650 | 0 | _aNanda Devi (Hindu deity) | |
| 999 |
_c55294 _d55294 |
||